000 00510nam a2200169Ia 4500
008 090711s9999 xx 000 0 und d
082 _b582
100 _aसप्रे माधव नी.
245 _aअद्वैतमकरन्द
260 _c1999
300 _a104
600 _aसप्रे माधव नी.
630 _aअद्वैतमकरन्द
700 _aसप्रे माधव नी.
730 _aअद्वैतमकरन्द
942 _cBOOK
999 _c335560
_d335560